LIBRARY & INFORMATION CENTRE, KCAET, TAVANUR

ONLINE PUBLIC ACCESS CATALOGUE (OPAC)

Studies on selected manually operated pumps (Record no. 15342)

MARC details
000 -LEADER
fixed length control field 00395nam a22001457a 4500
082 ## - DEWEY DECIMAL CLASSIFICATION NUMBER
Classification number 631.37
Item number PHI/ST
100 ## - MAIN ENTRY--AUTHOR NAME
Personal name PHILIP, GEETHA SUSAN
245 ## - TITLE STATEMENT
Title Studies on selected manually operated pumps
260 ## - PUBLICATION, DISTRIBUTION, ETC. (IMPRINT)
Place of publication Tavanur
Name of publisher Kelappaji college of Agricultural Engineering and Technology
Year of publication 1990
300 ## - PHYSICAL DESCRIPTION
Number of Pages 112
500 ## - GENERAL NOTE
General note thesis
520 ## - SUMMARY, ETC.
Summary, etc thesis
650 ## - SUBJECT ADDED ENTRY--TOPICAL TERM
Topical Term thesis
942 ## - ADDED ENTRY ELEMENTS (KOHA)
Koha item type Theses
Holdings
Withdrawn status Lost status Damaged status Home library Current library Date acquired Full call number Accession Number Koha item type Public note
      KAUAET KAUAET 24/04/1990 631.37 PHI/ST 16693 Theses M.Tech Thesis
free website counter